书目信息 |
| 题名: |
三十年战争终结
|
|
| 作者: | 陈文茶 著 ;严谊 译 | |
| 分册: | ||
| 出版信息: | 北京 世界知识出版社 1984 |
|
| 页数: | 301页 | |
| 开本: | 19cm | |
| 丛书名: | ||
| 单 册: | ||
| 中图分类: | E333.9 , K333.5 | |
| 科图分类: | ||
| 主题词: | 战争史--越南 , 东南亚--历史 | |
| 电子资源: | ||
| ISBN: | ||
| 000 | 00736nam0 2200277 45 | |
| 001 | 0184013712 | |
| 005 | 20040512090926.6 | |
| 010 | @dCNY1.00 | |
| 091 | @a500.3504 | |
| 100 | @a19950226d1984 em y0chiy0121 ea | |
| 101 | 1 | @achi@cvie |
| 102 | @aCN@b110000 | |
| 105 | @ay z 000yy | |
| 106 | @ar | |
| 200 | 10 | @a三十年战争终结@ASan Shi Nian Zhan Zheng Zhong Jie@f(越)陈文茶著@g严谊译 |
| 210 | @a北京@c世界知识出版社@d1984 | |
| 215 | @a301页@d19cm | |
| 606 | @a战争史@y越南 | |
| 606 | 0 | @a东南亚@x历史 |
| 690 | @aE333.9@v3 | |
| 690 | @aK333.5 | |
| 701 | 0 | @a陈文茶@Achen wen cha@4著 |
| 702 | 0 | @a严谊@Ayan yi@4译 |
| 801 | 0 | @aCN@b上海图书馆@c20040512 |
| 801 | 2 | @aCN@bNLC@c20040512 |
| 905 | @f2@b172494-495@dK333.5@e1 | |
| 三十年战争终结/(越)陈文茶著/严谊译.-北京:世界知识出版社,1984 |
| 301页;19cm |
| ISBN :CNY1.00 |
| ● |
| 相关链接 |
|
|
|
|
正题名:三十年战争终结
索取号:K333.5/1
 
预约/预借
| 序号 | 登录号 | 条形码 | 馆藏地/架位号 | 状态 | 备注 |
| 1 | 0172494 | 001396046 | 第二借阅区/ [索取号:K333.5/1] | 在馆 | |
| 2 | 0172495 | 001395920 | 第二借阅区/ [索取号:K333.5/1] | 在馆 | |
| 3 | 0172496 | 001395966 | 第二样本阅览室/ [索取号:K333.5/1] | 在馆 |